000 00598nam a2200217Ia 4500
003 OSt
005 20220928151306.0
006 a|||||r|||| 00| 0
007 ta
008 220927b |||||||| |||| 00| 0 eng d
024 _a122713
037 _cTextual
040 _aSDCL
_cSDCL
_beng
041 _2eng
_aeng
082 _aO1285,6M84:g, M2
100 _aKleiman Carol
_9516952
245 0 _aSean O'Casey's bridge of vision
_b Four essays on structure and perspective.
260 _c1982
942 _hO1285,6M84:g, M2
_cTEXL
_2CC
999 _c850968
_d850968